Ricky B.: una historia oficialmente imposible
Zapisane w:
| 1. autor: | |
|---|---|
| Format: | Książka |
| Język: | hiszpański |
| Wydane: |
Barcelona
Planeta
1997
|
| Seria: | Los Otros Mundos de J. J. Benítez
|
| Hasła przedmiotowe: | |
| Etykiety: |
Dodaj etykietę
Nie ma etykietki, Dołącz pierwszą etykiete!
|
MARC
| LEADER | 00000nam a2200000 a 4500 | ||
|---|---|---|---|
| 001 | UCN4968 | ||
| 003 | CL-VaPUC | ||
| 008 | 010817e19970000SP |||||||||||||||||spa|d | ||
| 082 | 0 | 4 | |a 863 |b BEN |2 21 |
| 100 | 0 | |a Benítez López, Juan José |e author |9 461100 | |
| 245 | 1 | 0 | |a Ricky B.: una historia oficialmente imposible |
| 300 | |a 332 p | ||
| 942 | |c BK | ||
| 945 | |d 20010817 00:00:00 |a cmena | ||
| 260 | |a Barcelona |b Planeta |c 1997 | ||
| 650 | 0 | |a Novelas españolas |9 265052 | |
| 650 | 0 | |a Literatura española |9 306261 | |
| 650 | 0 | |a Fenómenos paranormales |9 433267 | |
| 583 | |a last modification |c 20190705 09:53:48 |k Rodrigo Vera | ||
| 490 | 0 | |a Los Otros Mundos de J. J. Benítez | |
| 999 | |c 296804 |d 296802 | ||
| 952 | |0 0 |1 0 |4 0 |6 863_000000000000000_BEN_1997 |7 0 |8 A |9 350986 |a BIBING |b BIBING |d 2019-11-20 |i 3748227 |o 863 BEN 1997 |p 3748227 |r 2025-01-20 |w 2019-11-20 |y BK |k CUI | ||